000 00432nam a2200169 i 4500
001 142036
003 ES-MaACL
005 20230906200429.0
007 t|
008 071002s1959 fr ||||1| fre d
100 1 _aWaline, Marcel.
_9115918
245 1 0 _aDroit administratif /
_cM. Waline.
250 _a8ยช ed.
260 _aParis :
_bSirey,
_c1959.
300 _aXI, 932 p. ;
_c25 cm.
852 _aES-MaACL
_jC-16862
_bR.45169
999 _c142036
_d142036